000 00330nam a2200145Ia 4500
008 150201s2001 xx 000 0 und d
082 _a617.6
_bO01R
100 _aRANI,MS
245 _aTB OF ORTHODONTICS
250 _a3RD
260 _bALL INDIA AVICHAL
_aDELHI
_c2001
300 _a1-376
650 _aDENTISTRY
942 _2ddc
_cBK
999 _c543
_d543